Property Development (Record no. 115464)

MARC details
000 -LEADER
fixed length control field 00949cam a22002175a 4500
001 - CONTROL NUMBER
control field L158702
008 - FIXED-LENGTH DATA ELEMENTS--GENERAL INFORMATION
fixed length control field 150625s2014 xxk f 000 0 eng d
020 ## - INTERNATIONAL STANDARD BOOK NUMBER
International Standard Book Number 9781907698934
035 ## - SYSTEM CONTROL NUMBER
System control number (Sirsi) u158702
041 0# - LANGUAGE CODE
Language code of text/sound track or separate title eng
050 04 - LIBRARY OF CONGRESS CALL NUMBER
Classification number 711.1/CHA
100 1# - MAIN ENTRY--PERSONAL NAME
Personal name Le Chat, G
245 00 - TITLE STATEMENT
Title Property Development
250 ## - EDITION STATEMENT
Edition statement 2nd
260 ## - PUBLICATION, DISTRIBUTION, ETC.
Place of publication, distribution, etc. London
Name of publisher, distributor, etc. Law Society
Date of publication, distribution, etc. 2015
300 ## - PHYSICAL DESCRIPTION
Extent xxviii, 441p
Dimensions 25cm
520 ## - SUMMARY, ETC.
Summary, etc. Provides a guide to the acquisition of land for development and an analysis of the most commonly used transaction structures. Takes into account changes in the law since 2010 including; Assets of Community Value (England) Regulations 2012, Community Infrastructure Levy Regulations 2010, Growth and Infrastructure Act 2013 and Localism Act 2011. Includes CD which includes a range of new and updated checklists and example model clauses.
651 #4 - SUBJECT ADDED ENTRY--GEOGRAPHIC NAME
Geographic name United Kingdom
690 ## - LOCAL SUBJECT ADDED ENTRY--TOPICAL TERM (OCLC, RLIN)
Topical term or geographic name as entry element Planning and development
9 (RLIN) 6259
942 ## - ADDED ENTRY ELEMENTS (KOHA)
Suppress in OPAC 0
Holdings
Withdrawn status Lost status Source of classification or shelving scheme Damaged status Not for loan Home library Current library Shelving location Date acquired Total Checkouts Full call number Barcode Date last seen Date last checked out Copy number Price effective from Koha item type
    Dewey Decimal Classification     London London Books 25/06/2015 1 711.1 CHA 30078970 06/08/2019 22/08/2017 1 06/08/2019 Book